Readings in child development. (Record no. 11344)

MARC details
000 -LEADER
fixed length control field 00836cam a2200229 4500
001 - CONTROL NUMBER
control field 2186568
005 - DATE AND TIME OF LATEST TRANSACTION
control field 19880425000000.0
008 - FIXED-LENGTH DATA ELEMENTS--GENERAL INFORMATION
fixed length control field 720327s1972 nyu 001 0 eng
010 ## - LIBRARY OF CONGRESS CONTROL NUMBER
LC control number 72001801
020 ## - INTERNATIONAL STANDARD BOOK NUMBER
International Standard Book Number 0471925748
-- 047192573X (pbk)
040 ## - CATALOGING SOURCE
Original cataloging agency DLC
Transcribing agency DLC
Modifying agency DLC
050 00 - LIBRARY OF CONGRESS CALL NUMBER
Classification number BF721
Item number .W45 1972
100 1# - MAIN ENTRY--PERSONAL NAME
Personal name Weiner, Irving B.,
Relator term comp.
245 10 - TITLE STATEMENT
Title Readings in child development.
Statement of responsibility, etc [Compiled by] Irving B. Weiner [and] David Elkind.
260 ## - PUBLICATION, DISTRIBUTION, ETC. (IMPRINT)
Place of publication, distribution, etc New York,
Name of publisher, distributor, etc Wiley
Date of publication, distribution, etc [1972]
300 ## - PHYSICAL DESCRIPTION
Extent ix, 505 p.
Dimensions 23 cm.
650 #0 - SUBJECT ADDED ENTRY--TOPICAL TERM
Topical term or geographic name as entry element Child psychology.
700 1# - ADDED ENTRY--PERSONAL NAME
Personal name Elkind, David,
Dates associated with a name 1931-
Relator term joint comp.
906 ## - LOCAL DATA ELEMENT F, LDF (RLIN)
a 7
b cbc
c orignew
d 1
e ocip
f 19
g y-gencatlg
942 ## - ADDED ENTRY ELEMENTS (KOHA)
Source of classification or shelving scheme Library of Congress Classification
Item type Book
Holdings
Withdrawn status Lost status Source of classification or shelving scheme Damaged status Not for loan Collection code Home library Current library Shelving location Date acquired Total Checkouts Full call number Barcode Date last borrowed Price effective from Koha item type
    Library of Congress Classification     Non-fiction Nairobi Campus Nairobi Campus General Circulation 19/10/2009 2 BF721 .W45 1972 012338 16/11/2013 19/10/2009 Book